000
00311nam a2200145Ia 4500
100
_a
Andersen/Dick/ Cooper/C
942
_c
BK
654
_a
Word Star
245
_a
Word Star Tips And Traps
260
_b
BPB Pub.
_a
Delhi
_c
1987
082
_a
1.6
_b
And/Coo
300
_a
239
546
_a
ENGLISH
999
_c
22778
_d
22778